000 00294nam a2200109Ia 4500
005 20251222143229.0
008 251222s9999||||xx |||||||||||||| ||spa||
082 _a287.4/U61
245 0 _aI Congreso de Educación Religiosa Champagnat
264 _bUniversidad Marcelino Champagnat
942 _cLIB
999 _c14111
_d14111